Normal view
MARC view
Entry Personal Name
001 - CONTROL NUMBER
- control field: 62232
003 - CONTROL NUMBER IDENTIFIER
- control field: dpl
005 - DATE AND TIME OF LATEST TRANSACTION
- control field: 20240216150631.0
008 - FIXED-LENGTH DATA ELEMENTS
- fixed length control field: 240216|| aca||aabn | a|a d
040 ## - CATALOGING SOURCE
- Original cataloging agency: dpl
- Transcribing agency: dpl
100 ## - HEADING--PERSONAL NAME
- Personal name: शंकरलाल वर्मा
- Fuller form of name: दूसरा लेखक
670 ## - SOURCE DATA FOUND
- Source citation: Work cat.: (dpl)200868: वर्मा,रामचंद्र 62231, प्राचीन भारत के स्त्री -रतन/, 2021
